000 00298nam a2200133Ia 4500
100 _aAndrews/ Sudhir
650 _aGeneral
942 _cBK
654 _aHow To succed
245 _aHow To Succed At Interviews
260 _bTata McGraw Hill
_aNew Delhi
_c1988
300 _a91
546 _aENGLISH
999 _c23180
_d23180